Aktuálne k daňovému bonusu na zaplatené úroky

Vyčíslenie potrebných údajov na ciele daňového bonusu na zaplatené úroky podľa zákona o dani z príjmov v prípade zmlúv o úveroch na bývanie uzavretých v roku 2022, na základe údajov o výške priemernej mesačnej mzdy zamestnanca v hospodárstve Slovenskej republiky za rok 2021 od Štatistického úradu Sl...

Ausführliche Beschreibung

Gespeichert in:
Bibliographische Detailangaben
1. Verfasser: Jarinkovičová, Valéria
Format: Buchkapitel
Sprache:Slowakisch
Schlagworte:
Tags: Tag hinzufügen
Keine Tags, Fügen Sie das erste Tag hinzu!

MARC

LEADER 00000naa a2200000 4500
001 0284635
005 20220608103725.9
041 0 |a slo 
044 |a SK 
245 1 0 |a Aktuálne k daňovému bonusu na zaplatené úroky  |c Valéria Jarinkovičová 
520 |a Vyčíslenie potrebných údajov na ciele daňového bonusu na zaplatené úroky podľa zákona o dani z príjmov v prípade zmlúv o úveroch na bývanie uzavretých v roku 2022, na základe údajov o výške priemernej mesačnej mzdy zamestnanca v hospodárstve Slovenskej republiky za rok 2021 od Štatistického úradu Slovenskej republiky. Právna úprava daňového bonusu na zaplatené úroky a podstata daňového bonusu na zaplatené úroky, jeho výpočet a uplatnenie, s názornými príkladmi. 
610 2 0 |a účtovníctvo daňové 
610 2 0 |a dane z príjmov 
610 2 0 |a zvýhodnenie daňové 
610 2 0 |a úľavy daňové 
610 2 0 |a zúčtovanie 
610 2 0 |a daňovníci 
610 2 0 |a mzdy priemerné 
610 2 0 |a úver hypotekárny 
100 1 |a Jarinkovičová, Valéria